Irish Slang Quiz Stats

 Plays Quiz not verified by Sporcle

Score 0/35 Timer 10:00
0 Plays Today
% Correct
Spuds
91.6%
Couldn't give a shite
90.4%
Yis
89.9%
Jaysus
89.5%
Howiya
89%
Guards
86.4%
Craic
85.9%
Gaff
85.6%
Your one
84.5%
Wee
84%
Culchie
83.4%
Feck
83.3%
Gobshite
83.1%
Bleeding
81.2%
Stall the ball
80%
Gas
77.1%
Manky
76.8%
Slag off
75.3%
% Correct
Narky
74.7%
On the hop
71.3%
Scarlet
70.8%
Grand
70.5%
Scabby
69.5%
Meet
69.1%
Plastic Paddy
68.9%
Deadly
67%
Arseways
66.5%
Yoke
62.8%
Give Out
60.5%
Ride
59.7%
Ossified
58.3%
Piss-in-the-Bed
55.1%
Chiseller
54.3%
Jackeen
53.9%
Cute
43.7%

You're not logged in!

Compare scores with friends on all Sporcle quizzes.
OR
Log In

You Might Also Like...

Show Comments

Extras

Top Quizzes Today


Score Distribution

Your Account Isn't Verified!

In order to create a playlist on Sporcle, you need to verify the email address you used during registration. Go to your Sporcle Settings to finish the process.

Report this User

Report this user for behavior that violates our Community Guidelines.

Details: